| 000 | 00524nam a2200193Ia 4500 | ||
|---|---|---|---|
| 003 | LK-CoDNM | ||
| 005 | 20241212105238.0 | ||
| 008 | 121016t1967 xxu||||| |||| 00| 0 sin d | ||
| 040 |
_aLK-CoDNM _dLK-CoDNM _eLK-CoDNM |
||
| 041 | _asin | ||
| 080 |
_a8S1 _bSEB |
||
| 100 | _aAlavuisi Sebihela | ||
| 245 | _aපරෙවි සඳෙස් පහදනය | ||
| 246 | _aParevi Sades Pahadanaya | ||
| 260 |
_bM.D.Gunasena Samagama _aColombo 11 _c1967 |
||
| 300 | _b165p. : 21 cm | ||
| 650 | _aසංදෙශ | ||
| 942 | _cBK | ||
| 999 |
_c75707 _d75707 |
||